000 00398cam a2200145 i 4500
020 _a0870552341 :
040 _cDLC
082 0 0 _a338 AVI 1997 A020 Co.
100 1 _aBrown, E. Evan.
245 1 0 _aWorld fish farming :
_bcultivation and economics /
260 _aWestport, Conn. :
_bAVI Pub. Co.,
_c1977.
300 _aix, 397 p. :
_bill. ;
_c24 cm.
650 0 _aAquaculture industry.
942 _cEK
999 _c12783
_d12783